000 00317nam a2200121 i 4500
001 bg
245 0 _aZastosowanie nuklidów promieniotwórczych w chemii /
_cpr. zb. p. red. J. Sobkowskiego.
260 _aWarszawa,
_c1989.
040 _cBPK
041 _apol
942 _cKS
008 s pl f |000 0 pol
999 _c3916
_d3916
856 _uhttp://koha.tu.koszalin.pl/cgi-bin/koha/opac-detail.pl?biblionumber=3916
_yKatalog online BPK